000 01262nam a22002777a 4500
003 OSt
005 20260415165115.0
008 260212b |||||||| |||| 00| 0 eng d
040 _c0
082 _aDPer 796.07 J826 January-October 2023 v. 42 no. 1-4
100 _aSimonton, Kelly L.
_eauthor.
_969651
245 _aA Retrospective Study on Students' Perceived Experiences in Physical Education :
_bExploring Beliefs, Emotions, and Physical Activity Outcomes /
_cKelly L. Simonton, Nicholas Washburn, Laura F. Prior, Victoria N. Shiver, Sean Fullerton, and Karen L. Gaudrealt.
260 _aUS ;
_bHuman KInetics, Inc. ,
_cApril 2023
300 _aVolume 42, pages 274-282 :
_billustration ;
_c29 cm.
500 _aJournal of Teaching in Physical Education, vol. 42 no. 2, pages 274-282, January-October 2023.
650 0 _aBeliefs.
_967077
650 0 _aCollege students.
_947911
650 0 _aEmotional response.
_964964
700 _aSimonton, Kelly L.
_eauthor.
_969651
700 _aWashburn, Nicholas.
_eauthor.
_959940
700 _aPrior, Laura F.
_eauthor.
_4Prior, Laura F.
_969698
700 _aShiver, Victoria N.
_eauthor.
_969655
700 _aFullerton, Sean
_eauthor.
_969699
700 _aGaudreault, Karen L.
_eauthor.
_966957
942 _2ddc
_cPER
999 _c24314
_d24314